How many First-Level Subdivisions? - Statistics

General Stats
  • This quiz has been taken 99 times
  • The average score is 8 of 15
Answer Stats
Question Answer % Correct
United States 50
98%
Canada 13
72%
Switzerland 26
67%
United Kingdom 4
64%
Germany 16
61%
Australia 8
60%
France 24
56%
Spain 19
54%
Italy 20
49%
India 36
49%
Japan 47
48%
Mexico 32
46%
Brazil 27
44%
Turkey 81
39%
Ireland 32
30%
No matching quizzes found
Score Distribution
Percent of People with Each Score
Percentile by Number Answered
Your Score History
You have not taken this quiz